| 000 | 00545nam a22001817a 4500 | ||
|---|---|---|---|
| 020 | _qHard Cover. | ||
| 082 | _a004 | ||
| 100 | _aAhmed, Nauman | ||
| 245 |
_aACCESS CONTROL SYSTEM _cNauman Ahmed |
||
| 260 |
_aIslamabad : _bSEECS - NUST, _c2004. |
||
| 300 |
_a65 np. : ill. ; _c30cm. |
||
| 563 | _aHB | ||
| 650 | _aInformation Technology-Project Report. | ||
| 700 |
_aMr. Muhammad Atif. _931597 |
||
| 856 | _uhttp://10.250.8.41:8080/xmlui/handle/123456789/9831 | ||
| 942 |
_2ddc _cPR |
||
| 999 |
_c536437 _d536437 |
||